Miasta w województwie lubelskim - nagła śmierć - Statystyki

Ogólne statystyki
  • Ten quiz został rozwiązany 1 113 razy
    1 111 od ostatniego zresetowania
  • Średni wynik to 10 z 20
Answers on the Grid
Answers color-coded by a green-red scale on the quiz's grid according to % correct below.
Lublin
Lubin
Lubliniec
Frampol
Frombork
Kazimierz Dolny
Parczew
Chełm
Andrychów
Legionowo
Dęblin
Połczyn-Zdrój
Biała Podlaska
Jędrzejów
Włodawa
Nowa Sół
Bielsk Podlaski
Świebodzin
Kraśnik
Świdwin
Zamość
Opatowiec
Lubartów
Rzepin
Mirosławiec
Tarnobrzeg
Wejherowo
Biłgoraj
Siedlce
Ustroń
Krasnystaw
Nowy Sącz
Świdnik
Rabka-Zdrój
Łęczna
Ząbki
Szczytno
Łuków
Drezdenko
Zielona Góra
Hrubieszów
Busko-Zdrój
Opatów
Kock
Garwolin
Piaski
Nałęczów
Mielec
Sanok
Kielce
 
Statystyki odpowiedzi
Odpowiedź % Poprawnych
Lublin
99%
Chełm
75%
Biała Podlaska
62%
Zamość
61%
Kazimierz Dolny
60%
Kraśnik
57%
Dęblin
54%
Biłgoraj
52%
Krasnystaw
50%
Włodawa
50%
Hrubieszów
49%
Lubartów
47%
Świdnik
47%
Parczew
46%
Frampol
45%
Łęczna
45%
Nałęczów
43%
Łuków
42%
Kock
32%
Piaski
24%
Nie znaleziono quizów pasujących do podanych kryteriów
Rozkład punktacji
Procent ludzi z każdym wynikiem
Percentyl według liczby udzielonych odpowiedzi
Twoja historia wyników
Nie rozwiązałeś tego quizu od ostatniego zresetowania